000 00363cam a2200145ua 4500
999 _c1335
_d1335
020 _a9788121925242
082 _a621.801
_bKHU/TH
100 _aKhurmi, R S.
_92024
245 _aTheory of Machines /
250 _a14 /
260 _aNew Delhi :
_bEurasia Publishing house pvt ltd ,
_c2005.
300 _a1107 ; .
700 1 _aGupta, J.K .
_91225
942 _cBK